| 000 | 00369nam a2200169Ia 4500 | ||
|---|---|---|---|
| 100 | _aTalukder/Asoke K | ||
| 650 | _aMobile computing | ||
| 250 | _a2 | ||
| 942 | _cBK | ||
| 366 | _f25 | ||
| 245 | _aMobile computing:Technology | ||
| 260 |
_bTata Mc Graw hill Ltd. _c2010 |
||
| 082 |
_a621.382 _bTAL |
||
| 300 | _a627 | ||
| 546 |
_aENGLISH _cComputers |
||
| 999 |
_c27224 _d27224 |
||